| 000 | 00000nam##2200000za#4500 |
| 001 | 9.559593 |
| 003 | CaOODSP |
| 005 | 20210624172944 |
| 007 | cr ||||||||||| |
| 008 | 150406|2003||||xxc|||||o f|0| 0 eng|d |
| 040 | |aCaOODSP|beng |
| 043 | |an-cn--- |
| 086 | 1 |aBT31-4/11-2003E-PDF |
| 110 | 1 |aCanada. |bTreasury Board. |
| 245 | 10|aRoyal Canadian Mounted Police, performance report 2002-2003 |h[electronic resource] |
| 260 | |bTreasury Board of Canada Secretariat |c2003. |
| 300 | |a80p.|bglossary, graphs, illus., map, organization chart, tables, photographs |
| 490 | 1 |aPerformance report for the period ending March 31, 2003 |
| 590 | |a12-06-Supp|b2012-03-07 |
| 690 | 07|aFederal institutions|2gcpds |
| 690 | 07|aPerformance assessment|2gcpds |
| 690 | 07|aPolice services|2gcpds |
| 775 | 08|tRapport sur le rendement de la Gendarmerie royale du Canada de 2002-2003 |w(CaOODSP)9.592334 |
| 776 | 0#|tRoyal Canadian Mounted Police |w(CaOODSP)9.538472 |
| 776 | 0#|tGendarmerie royale du Canada |w(CaOODSP)9.538473 |
| 830 | #0|aPerformance report for the period ending March 31, 2003.|w(CaOODSP)9.504909 |
| 856 | 40|ahttp://publications.gc.ca|qPDF|s1583 KB|uhttps://publications.gc.ca/collections/Collection/BT31-4-11-2003E.pdf |